RICS Small Business Retail Lease (Record no. 121314)

MARC details
000 -LEADER
fixed length control field 00691nam a22001817a 4500
008 - FIXED-LENGTH DATA ELEMENTS--GENERAL INFORMATION
fixed length control field 230112s2012 xxk|||||o|||| 00| 0 eng d
041 ## - LANGUAGE CODE
Language code of text/sound track or separate title eng
110 ## - MAIN ENTRY--CORPORATE NAME
Corporate author Royal Institution of Chartered Surveyors
245 ## - TITLE STATEMENT
Title RICS Small Business Retail Lease
Subtitle Heads of Terms
Medium [Electronic resource]
260 ## - PUBLICATION INFORMATION
Place of publication London,
Publisher Royal Institution of Chartered Surveyors,
Date 2012
300 ## - PHYSICAL DESCRIPTION
Physical description 8p.
490 ## - SERIES TITLE
Series statement Form
520 ## - ABSTRACT
Abstract Model Head of Terms for retail. Fillable form.
651 ## - SUBJECT ADDED ENTRY--GEOGRAPHIC NAME
Geographic name United Kingdom
710 ## - ADDED CORPORATE NAME
Added corporate author Royal Institution of Chartered Surveyors
856 ## - ONLINE RESOURCE
Uniform Resource Identifier <a href="https://www.ricsfirms.com/media/1218/17005-rics-small-business-lease-heads-of-terms.pdf">https://www.ricsfirms.com/media/1218/17005-rics-small-business-lease-heads-of-terms.pdf</a>
Public note Available free on RICS.org
942 ## - ADDED ENTRY ELEMENTS (KOHA)
Suppress in OPAC Do not suppress in OPAC
Holdings
Lost status Damaged status Not for loan Current library Shelving location Date acquired Total Checkouts Date last seen Price effective from Koha item type
      Virtual Online 12/01/2023   12/01/2023 12/01/2023 Online material